Seleted Papers on Algebra
Đã lưu trong:
| Formáid: | Sách giấy |
|---|---|
| Teanga: | English |
| Foilsithe: |
Washington :
The Mathematical Association of America ,
1977
|
| Clibeanna: |
Cuir Clib Leis
Gan Chlibeanna, Bí ar an gcéad duine leis an taifead seo a chlibeáil!
|
| Thư viện lưu trữ: | Thư viện Trường Đại học Đà Lạt |
|---|
| LEADER | 00529nam a2200229 4500 | ||
|---|---|---|---|
| 001 | DLU020011091 | ||
| 005 | ##12/9/1999 | ||
| 041 | # | # | |a eng |
| 082 | # | # | |a 512 |b Sel |
| 090 | # | # | |a 512 |b Sel |
| 245 | # | # | |a Seleted Papers on Algebra |
| 260 | # | # | |a Washington : |b The Mathematical Association of America , |c 1977 |
| 300 | # | # | |a X, 537 tr.; |c 26 cm. |
| 992 | # | # | |a 16000 |
| 994 | # | # | |a DLU |
| 900 | # | # | |a False |
| 911 | # | # | |a Administrator |
| 925 | # | # | |a G |
| 926 | # | # | |a A |
| 927 | # | # | |a SH |
| 980 | # | # | |a Thư viện Trường Đại học Đà Lạt |